[Event "NED-chT"]
[Site "Groningen"]
[Date "1997.??.??"]
[Round "?"]
[White "Van Wely, Loek"]
[Black "Tiviakov, Sergei"]
[Result "1/2-1/2"]
[WhiteElo "2645"]
[BlackElo "2600"]
[Annotator "Tiviakov,S"]
[PlyCount "35"]
[EventDate "1997.??.??"]
[EventType "team"]
[EventRounds "9"]
[EventCountry "NED"]
[SourceTitle "CBM 063"]
[Source "ChessBase"]
[SourceDate "1998.03.26"]
[SourceVersion "1"]
[SourceVersionDate "1998.03.26"]
[SourceQuality "1"]

1. d4 Nf6 2. c4 e6 3. Nf3 b6 4. a3 Bb7 5. Nc3 d5 6. Bg5 Be7 7. Qa4+ Bc6 $1 (
7... c6) (7... Qd7) (7... Nbd7) (7... Nfd7) 8. Qc2 (8. Qb3 $5 dxc4 (8... O-O 9.
Bxf6 Bxf6 10. cxd5 Bxd5 11. Nxd5 Qxd5 12. Qxd5 exd5 13. O-O-O Rd8 14. g4 c5 15.
Bg2 Nc6 16. g5 Be7 17. dxc5 bxc5 18. h4 d4 19. Nd2 Rac8 20. Bxc6 Rxc6 21. Nc4
Re6 22. e3 h6 23. Rhg1 d3 24. f4 hxg5 25. hxg5 f6 26. g6 Re4 27. b3 f5 28. Rg2
Re6 29. Rgd2 Rxg6 30. Rxd3 Rxd3 31. Rxd3 Rg1+ 32. Rd1 Rxd1+ 33. Kxd1 g5 34. Kd2
g4 35. a4 Kg7 36. Kd3 Kf6 37. e4 Bf8 38. Ne3 Bh6 39. Ng2 Ke6 40. Ke3 Bg7 41.
exf5+ Kxf5 42. Nh4+ Ke6 43. Ke4 Bd4 44. f5+ Kf6 45. Ng2 g3 46. b4 Bf2 47. b5 c4
48. Ne3 c3 49. Nd5+ Kf7 50. Nxc3 g2 51. Ne2 Kf6 52. a5 Bc5 53. b6 axb6 54. axb6
Bxb6 55. Kf3 {1/2-1/2 Grooten,Herman-Computer "Mephisto,Genius 68030"/Hague 
(Netherlands) (2) 1995}) 9. Qxc4 O-O $11 10. Rd1 (10. Bxf6 Bxf6 11. e4 Bb7 12.
e5 Be7 13. Bd3 Ba6 14. Nb5 c6 15. Qc2 Bxb5 16. Bxh7+ Kh8 17. h4 Qd5 18. Be4 Qd8
19. O-O-O Nd7 20. Ng5 Rc8 21. Bg6 fxg6 22. Qxg6 Bxg5+ 23. hxg5+ Kg8 24. Qxe6+
Rf7 25. g6 Qg5+ 26. Rd2 Rcf8 27. Qh3 Qh6 28. gxf7+ Kxf7 29. Qxd7+ {1-0 Bacrot,
Etienne-Guliev,Sarkhan/Szeged (Hungary) 1994}) (10. e3 Bb7 11. Be2 (11. Rd1
Nbd7 12. Be2 Qc8 13. O-O c5 14. Qa2 h6 15. Bh4 Nd5 16. Bxe7 Nxe7 17. Rc1 Qb8
18. Rfd1 Rd8 19. b4 cxd4 20. Nxd4 Nf6 21. a4 Qe5 22. a5 Ned5 23. Nxd5 Bxd5 24.
Qa1 Rac8 25. Rxc8 Rxc8 26. Rc1 Rxc1+ 27. Qxc1 Qd6 28. Qc8+ Kh7 29. Qc3 Ne4 30.
Bd3 f5 31. Bxe4 Bxe4 32. f3 Bd5 33. a6 b5 34. Nxb5 Qxa6 35. Nd4 Qa2 36. h3 Qc4
37. Qd2 Kg6 38. g4 fxg4 39. hxg4 Kf7 40. Kf2 e5 41. Nf5 Qa2 42. Qxa2 Bxa2 43.
Nd6+ Kf6 44. f4 {1/2-1/2 Tunik,Gennadij-Aseev,Konstantin N/St. Petersburg 
(Russia) (5) 1994}) 11... a6 (11... Nd5 12. Bxe7 Qxe7 13. O-O Rc8 14. Rac1 c5
15. Qa4 Nd7 16. Ba6 Nxc3 17. Rxc3 Bxa6 18. Qxa6 Rd8 19. Qb7 Qd6 20. Rd1 Qb8 21.
Qc6 Nf6 22. Rdc1 Rd6 23. Qb5 Ne4 24. R3c2 Qd8 25. Qd3 Ng5 26. Nxg5 Qxg5 27. Qe4
Rad8 28. h4 Qf6 29. dxc5 bxc5 30. Qf4 Rd1+ 31. Rxd1 Rxd1+ 32. Kh2 Qe7 33. b4
cxb4 34. Rc7 g5 35. Qg3 Qd6 36. Rc8+ Kg7 37. f4 Qe7 38. axb4 Rb1 39. Rc5 h6 40.
hxg5 h5 41. e4 Qd6 42. Qc3+ e5 43. Rd5 Qb8 44. g6 Rxb4 45. Rxe5 Rb3 46. Qc4
fxg6 47. Re7+ Kh6 48. Qf7 {1-0 Hansen,Curt-Tiviakov,Sergei/Groningen 
(Netherlands) (6) 1995}) 12. Rc1 Nbd7 13. O-O b5 14. Qa2 c5 15. Rfd1 Nd5 16.
Bxe7 Qxe7 17. dxc5 Nxc5 18. b4 Nxc3 19. Rxc3 Ne4 20. Rcd3 Bd5 21. Qb2 Rac8 22.
Nd2 Nd6 23. f3 Bc4 24. Nxc4 Nxc4 25. Qb3 Nb6 26. Bf1 h6 27. Rd6 Nd5 28. Rxa6
Rc3 29. Qb2 Rfc8 30. e4 Ne3 31. Re1 Nxf1 32. Rxf1 Rc2 33. Qe5 Rd8 34. Qxb5 Rdd2
35. Qb8+ Kh7 36. Qg3 Qd7 37. Ra5 Qd4+ 38. Kh1 Rd1 {0-1 Pelletier,
Yannick-Karpov,Anatoly/Biel (Switzerland) (1) 1997}) 10... Bb7 (10... Nd5 11.
Bxe7 Qxe7 12. g3 Nxc3 13. Qxc3 Bd5 14. Bg2 Nd7 15. O-O c5 16. Rfe1 Nf6 17. Ne5
Bxg2 18. Kxg2 Rac8 19. Qf3 Qc7 20. Rc1 Qd6 21. Nc4 Qxd4 22. Red1 Qe4 23. Qxe4
Nxe4 24. Rd7 b5 25. Na5 a6 26. f3 Nf6 27. Rd6 c4 28. Rxa6 Ra8 29. Rxa8 Rxa8 30.
Nc6 g5 31. Kf2 Kg7 32. Ke3 c3 33. bxc3 Nd5+ 34. Kd4 Rxa3 35. e4 Ra4+ 36. Kd3
Nc7 37. Nb4 h5 38. Kc2 Na8 39. Kb3 Nb6 40. Rd1 Nc4 41. Nc6 Ra3+ 42. Kb4 Ra2 43.
Kxb5 Nd2 44. Nb4 Rb2 45. c4 Nxf3 46. c5 Ne5 47. Rd4 Rxh2 48. c6 Nxc6 49. Kxc6
Rg2 50. Rd3 Re2 51. Kd6 Rxe4 52. Nc6 h4 53. gxh4 Rxh4 54. Ne5 Ra4 55. Rf3 f6
56. Nd7 g4 57. Rxf6 Rd4+ 58. Kxe6 Rxd7 59. Rf4 {1/2-1/2 Gelfand,Boris-Akopian,
Vladimir/Cap d'Agde (France) (2) 1996}) 11. g3 Bxf3 12. exf3 Nd5 13. Bxe7 Qxe7
14. f4 Nd7 15. Bg2 c5 16. O-O Nxc3 17. Qxc3 Rac8 {1/2-1/2 Khenkin,Igor-Lalic,
Bogdan/Isle of Man (Great Britain) (7) 1995}) 8... dxc4 $1 (8... Bb7 9. cxd5
Nxd5 10. Bxe7 Qxe7 11. Nxd5 exd5 12. Rc1 c6 13. e3 Nd7 14. Bd3 g6 15. h4 h6 16.
h5 g5 17. Bf5 f6 18. Nh2 Rc8 19. Ng4 Rc7 20. Bxd7+ Rxd7 21. Qg6+ Kd8 22. Qxf6
Qxf6 23. Nxf6 Rd6 24. Ng4 Rf8 25. f3 a5 26. Kd2 Bc8 27. Ne5 Bd7 28. Rhf1 Be8
29. g4 Rdf6 30. b4 a4 31. Ke1 Kc7 32. Kf2 Kd6 33. Kg3 Bd7 34. Rf2 Re8 35. f4 c5
36. bxc5+ bxc5 37. dxc5+ Ke7 38. Nxd7 Kxd7 39. fxg5 Rxf2 40. Kxf2 hxg5 41. c6+
Kc7 42. Ke2 Rb8 43. Kd3 Re8 44. Kd4 Re4+ 45. Kxd5 Rxg4 46. Rh1 Rg2 47. h6 Rd2+
48. Ke5 Rd8 49. h7 {1-0 Chernosvitov,Alexander-Tomic,Dragoslav/Dortmund 
(Germany) (5) 1993}) 9. e3 (9. e4 b5 10. Be2 Nbd7 11. O-O O-O 12. Rad1 a6 13.
a4 b4 14. d5 exd5 15. Nxd5 Nxd5 16. exd5 Bxa4 17. Qxa4 Bxg5 18. Nxg5 Nb6 19.
Qxb4 Qxg5 20. Qc5 Qe5 21. Rd2 Qd6 22. Qd4 Qb4 23. Rc1 Rfe8 24. g3 Re4 25. Qxe4
Qxd2 26. Rc2 Qe1+ 27. Kg2 Qa5 28. Bxc4 Nxc4 29. Qxc4 Rd8 30. Qc5 Rxd5 {1/2-1/2
Relange,Eloi-Palac,Mladen/Budapest (Hungary) (1) 1996}) 9... b5 10. a4 (10. Ne5
$6 a6 11. a4 O-O (11... Bb4 12. axb5 axb5 13. Rxa8 Bxa8 14. Bxc4 h6 15. Bxe6
hxg5 16. Nxf7 Qe7 17. Nxh8 Qxe6 18. Qg6+ Kf8 19. Qxg5 Qc4 20. Ng6+ Kg8 21. f3
Bxc3+ 22. bxc3 Qxc3+ 23. Kf2 Nc6 24. h4 b4 25. h5 Qd2+ 26. Kg3 Nxd4 27. h6 Ne2+
28. Kh4 Qd7 29. Ne5 Qe7 30. Rd1 Bd5 31. Ng4 {1-0 Gavrilov,Alexei-Levin,LB/corr.
(1) 1991}) 12. Be2 (12. axb5 axb5 13. Rxa8 Bxa8 14. Nxb5 c5 15. Bxc4 Qa5+ $44)
12... Bxg2 13. Rg1 Bb7 14. axb5 axb5 15. Rxa8 Bxa8 16. Nxb5 c5 17. Bh6 Ne8 18.
dxc5 Bxc5 19. Bxc4 Bb4+ 20. Ke2 Qh4 21. Bf4 Nd7 22. Nf3 Qh5 23. Nbd4 Be7 24.
Qa4 Nb6 25. Qb5 Nd5 26. Be5 Bf6 27. Bxf6 Nexf6 28. Rg5 Qh3 29. Rg3 Qh5 30. Rg5
Qh3 31. Rg3 Qh5 {1/2-1/2 Van Wely,Loek-Dautov,Rustem/Germany 1995}) 10... b4 $1
(10... bxa4 $6 11. Ne5 O-O 12. Nxc6 Nxc6 13. Qxa4 Nd5 14. Qxc6 Bxg5 15. Bxc4
Nb4 16. Qe4 c6 17. O-O $16 Bf6 18. Rfc1 Qd7 19. Na4 Be7 20. Be2 Rfb8 21. g3 Rc8
22. Rc4 Rab8 23. Rac1 Nd5 24. Qc2 Nb4 25. Qd1 Na2 26. Ra1 Nb4 27. Rac1 Na2 28.
Ra1 Nb4 29. Nc5 Bxc5 30. Rxc5 g6 31. Qc1 Nd5 32. Ra4 Rc7 33. Rac4 Rcb7 34. Rc2
Nb4 35. Rd2 Rb6 36. Bf3 Qb7 37. Kg2 Rb5 38. Rc4 Rc8 39. h4 Qd7 40. Rc5 Rb6 41.
h5 Qe7 42. Rd1 Rbb8 43. Qc4 Qd7 44. Rc1 Qd6 45. Bxc6 Nxc6 46. Rxc6 Rxc6 47.
Qxc6 Qxc6+ 48. Rxc6 gxh5 49. Rc2 Kg7 50. Kf3 Kf6 51. Kf4 Rb4 52. f3 a6 53. Ke4
Rb3 54. Rc6 Kg5 55. d5 exd5+ 56. Kd4 Rxb2 57. Kxd5 a5 58. Rc5 a4 59. Ke4+ Kg6
60. Rc7 f6 61. Rc6 Rb4+ 62. Kd3 Rb3+ 63. Ke4 {1/2-1/2 Akesson,Ralf-Tiviakov,
Sergei/Amsterdam (Netherlands) (6) 1996}) 11. Nb1 $146 (11. Bxf6 gxf6 (11...
Bxf6 12. Ne4 $14) 12. Nb1 Bxf3 13. gxf3 c5 14. dxc5 Nd7 15. c6 Ne5 16. Bxc4 O-O
17. Nd2 Rc8 18. f4 Nxc6 19. Nb3 Na5 20. Nxa5 Qxa5 21. b3 Rfd8 22. O-O Qh5 23.
f3 Qg6+ 24. Qg2 {1/2-1/2 Cebalo,Miso-Palac,Mladen/Zadar (Croatia) (6) 1996})
11... Bxf3 $1 (11... O-O $5) 12. gxf3 c5 13. dxc5 Nbd7 14. Bxc4 O-O (14... Rc8
$5) 15. Nd2 Rc8 16. Rd1 Nxc5 $5 (16... Rxc5 17. Bxf6 (17. h4 $5) 17... Bxf6 18.
Ne4 Rc7 $11) 17. Bxf6 (17. Ne4 Nd5 $5 (17... Nfd7 $5) 18. Bxe7 Qxe7 19. Bxd5
exd5 20. Rxd5 $2 Nd3+ $1 (20... Nxe4 21. Qxe4 Qxe4 22. fxe4 Rc1+ 23. Rd1 Rc2
$11) 21. Qxd3 Rc1+ $17) 17... Bxf6 18. Ne4 {[18...Qe7 19.b3 Ne4 20.Qe4=; 19.
Nc5 Rc5 20.b3 Bc3 21.Ke2=]} 1/2-1/2

[Event "Kecskemet Toth Memorial-07"]
[Site "Kecskemet"]
[Date "1979.06.04"]
[Round "3"]
[White "Vaganian, Rafael A"]
[Black "Tompa, Janos"]
[Result "1-0"]
[WhiteElo "2570"]
[BlackElo "2420"]
[Annotator "Tompa,J"]
[PlyCount "83"]
[EventDate "1979.06.02"]
[EventType "tourn"]
[EventRounds "15"]
[EventCountry "HUN"]
[EventCategory "9"]
[SourceTitle "EXT 1999"]
[Source "ChessBase"]
[SourceDate "1998.11.16"]
[SourceVersion "1"]
[SourceVersionDate "1998.11.16"]
[SourceQuality "1"]

1. d4 Nf6 2. c4 e6 3. Nf3 b6 4. a3 c5 5. d5 Ba6 6. Qc2 Qe7 7. Bg5 h6 (7... exd5
8. Nc3 Bxc4 (8... Bb7 9. Nxd5 Bxd5 10. cxd5 Qe4 $14) 9. e4 $16) 8. Bxf6 Qxf6 9.
e4 exd5 10. cxd5 Bxf1 11. Kxf1 $16 d6 12. Nc3 Nd7 13. Qa4 Be7 14. Rd1 (14. e5
dxe5 15. d6 Qxd6 (15... Bxd6 16. Rd1 O-O-O 17. Qa6+ Kb8 18. Nb5 $18) 16. Rd1
Qe6 17. Nxe5 Qxe5 18. Qxd7+ Kf8 19. Qb7 Rd8 $1 20. Qxa7 Rxd1+ 21. Nxd1 g6 22.
Qxb6 Kg7 $15) 14... Qf4 15. Nd2 (15. Re1 $5) (15. Ne2 $142 b5 16. Qxb5 Qxe4 17.
Nc3 Qf5 18. Re1 $14) 15... Rd8 16. g3 Qg4 17. Kg2 O-O 18. Nc4 Qh5 19. Rhe1 (19.
Ne3 Ne5) (19. Qxa7 f5 $36) 19... f5 (19... Bf6 $5) 20. exf5 Rxf5 21. f4 Rxf4 $1
22. gxf4 Qg4+ 23. Kh1 Qf3+ 24. Kg1 Qg4+ 25. Kf2 b5 $5 (25... Bh4+ $5 26. Ke3
Re8+ 27. Ne4 (27. Kd2 Bxe1+ 28. Rxe1 Qxf4+ 29. Kd1 (29. Ne3 Qd4+ $1) 29... Qf3+
30. Kc2 Qf5+ $11) 27... Bxe1 28. Rxe1 Qh3+ 29. Kd2 Qxh2+ 30. Kd1 (30. Kc3 Qh3+
31. Kc2 Rf8 32. Qxa7 Rxf4 33. Re3 $18) 30... Qxf4 31. Ncxd6 $16) 26. Qxb5 Rb8
27. Qa4 Bh4+ 28. Ke3 Re8+ 29. Kd2 Bxe1+ 30. Rxe1 Qxf4+ 31. Ne3 Qd4+ 32. Kc2 Nf6
33. Qxa7 Rxe3 34. Qb8+ Kh7 (34... Ne8 $142) 35. Rxe3 Qxe3 36. Qxd6 Ne4 37. Qe5
$18 Qd2+ 38. Kb3 Nxc3 39. bxc3 Qd1+ 40. Kc4 Qa4+ 41. Kxc5 Qxa3+ 42. Kd4 1-0

[Event "Kecskemet Toth Memorial-07"]
[Site "Kecskemet"]
[Date "1979.06.06"]
[Round "5"]
[White "Nogueiras Santiago, Jesus"]
[Black "Tompa, Janos"]
[Result "1-0"]
[WhiteElo "2435"]
[BlackElo "2420"]
[Annotator "Tompa,J"]
[PlyCount "79"]
[EventDate "1979.06.02"]
[EventType "tourn"]
[EventRounds "15"]
[EventCountry "HUN"]
[EventCategory "9"]
[SourceTitle "EXT 1999"]
[Source "ChessBase"]
[SourceDate "1998.11.16"]
[SourceVersion "1"]
[SourceVersionDate "1998.11.16"]
[SourceQuality "1"]

1. d4 Nf6 2. Nf3 e6 3. c4 b6 4. Nc3 Bb7 5. a3 d5 6. cxd5 exd5 7. Bg5 Be7 8.
Bxf6 Bxf6 9. g3 (9. e3 O-O 10. Be2 c5 11. Rc1 cxd4 12. Nxd4 Nc6 $5 $11) 9...
O-O 10. Bg2 Re8 11. Qc2 a6 12. O-O Qd6 13. Rad1 (13. Rac1) 13... Nd7 14. Rfe1
Rad8 15. b4 (15. e4 $2 dxe4 16. Nxe4 Bxe4 17. Rxe4 Rxe4 18. Qxe4 Ne5 $1 $15)
15... c5 $1 $11 16. dxc5 Nxc5 $1 (16... bxc5 17. Nxd5 $1 Bxd5 18. e4 $14) 17.
Nh4 $2 (17. e3 Ne6 18. Ne2 a5 $11) (17. bxc5 Qxc5 18. Rc1 Rc8 $15) (17. Nxd5 $5
Bxd5 18. Ng5 Qe5 19. Qxh7+ Kf8 20. e4 Bxg5 21. Qh8+ Ke7 22. exd5 Rxh8 23. Rxe5+
Kf6 24. f4 Bxf4 25. gxf4 Ne6 26. Re3 Nxf4 $11) 17... Qe5 $17 18. bxc5 Qxc3 19.
Rc1 Qxa3 (19... Qxc2 20. Rxc2 bxc5 21. Rxc5 Rc8 (21... Bxh4 22. gxh4 Ba8 $11)
22. Rxc8 Rxc8 23. Rb1 Bc6 $11) 20. c6 Bc8 21. c7 Rd7 22. Bh3 Rxc7 $6 (22...
Rde7 $142 23. Bxc8 Rxc8 24. Qf5 Ree8 25. Qxd5 Bc3 $17) 23. Qxc7 Bxh3 24. Qxb6
h6 $6 (24... Bxh4 25. gxh4 Qa4 26. Rc3 Bf5 $11) (24... a5 25. Qc5 Qxc5 26. Rxc5
Ra8 27. Rxd5 a4 $17) 25. Qc5 Qb3 26. Ng2 Bb2 27. Qc2 $1 Rb8 $2 $138 (27... Qxc2
28. Rxc2 Be5 29. Nf4 Bxf4 30. gxf4 Re6 $11) 28. Qxb3 Rxb3 29. Rc5 Bxg2 $2 30.
Kxg2 Bc3 31. Rd1 d4 32. Rd3 Rb8 33. Rc6 a5 34. Ra6 Rb1 35. h4 h5 36. e3 dxe3
37. Rxe3 Bd2 38. Re8+ Kh7 39. Re7 f5 40. Re5 1-0

[Event "Israel"]
[Site "Israel"]
[Date "1997.??.??"]
[Round "?"]
[White "Botvinnik, Ilia"]
[Black "Gofshtein, Leonid D"]
[Result "1/2-1/2"]
[WhiteElo "2355"]
[BlackElo "2530"]
[Annotator "Tsesarsky,I"]
[PlyCount "58"]
[EventDate "1997.??.??"]
[EventType "game"]
[EventRounds "1"]
[EventCountry "ISR"]
[SourceTitle "CBM 060"]
[Source "ChessBase"]
[SourceDate "1997.09.29"]
[SourceVersion "1"]
[SourceVersionDate "1997.09.29"]
[SourceQuality "1"]

1. d4 Nf6 2. c4 e6 3. Nf3 b6 4. Nc3 Bb7 5. a3 d5 6. Bg5 (6. Qc2) (6. Qa4+) (6.
cxd5) 6... Be7 7. Bxf6 Bxf6 8. cxd5 exd5 9. Qb3 O-O 10. Rd1 Na6 $5 $146 (10...
Re8 11. g3 c5 $1 12. Bg2 Nc6 $1 $132 {Krasenkov-Voitkevich,1995 Polanica Zdroj}
) 11. g3 (11. e3 c5 12. Bxa6 Bxa6 13. Nxd5 cxd4 14. Nxf6+ Qxf6 15. Nxd4 Qg6 $44
) 11... c5 12. Bg2 cxd4 13. Nxd4 Nc5 14. Qa2 (14. Qc2 $5 Rc8 15. O-O $14) 14...
Bxd4 $1 (14... Ne6 $6 15. Ndb5 a6 16. Nxd5 axb5 17. Nxf6+ Qxf6 18. Bxb7 $16)
15. Rxd4 Qf6 16. e3 Ba6 $1 17. Nxd5 $1 (17. Bf1 Rfe8 $40) 17... Qe5 $1 (17...
Qe6 18. Nb4 Qxa2 19. Nxa2 Nd3+ 20. Rxd3 Bxd3 21. Bxa8 Rxa8 22. Nc3 Rd8 23. g4
$1 $14) 18. Nb4 $1 Rad8 $1 19. Nc6 Qh5 20. g4 $8 Qh4 21. Nxd8 $1 (21. Rxd8 $6
Rxd8 22. Nxd8 Nd3+ 23. Kd2 (23. Kd1 $5 Qxd8 24. Qd5 Nxf2+ 25. Kd2 Qxd5+ 26.
Bxd5 Nxh1 27. Bxh1 g5 $1 28. Kc3 Kg7 29. Kd4 Kf6 $15) 23... Qxf2+ 24. Kc3 Ne5
$3 25. Qd5 (25. Nxf7 Qxe3+ 26. Kc2 Bd3+ $19) (25. Qb3 Qxg2 $36) 25... Qxe3+ 26.
Kb4 (26. Kc2 Bd3+ 27. Kc3 Bc4+ $19) 26... Nd3+ 27. Ka4 Nxb2+ 28. Kb4 Bc4 29.
Qd1 a5#) 21... Nd3+ 22. Rxd3 (22. Kd1 Rxd8 $17) 22... Bxd3 23. Nxf7 $6 $138 (
23. Ne6 fxe6 24. Qxe6+ Kh8 25. Bf3 Qh3 26. Bd5 Qh4) (23. Nc6 $5 Qxg4 24. Bf1
Qe4 25. Ne7+ (25. Qd5 Qxd5 26. Ne7+ Kh8 27. Nxd5 Be4 $15) 25... Kh8 26. Bxd3
Qxh1+ 27. Ke2 Qxh2 28. Qd5 $14) 23... Rxf7 24. b4 (24. Bf3 $6 Qf6 25. Qd5 Qxf3
$19) 24... Bc4 (24... Kf8 $1 25. Qd2 Rd7 26. Bf1) 25. Qxc4 (25. Qd2 Qf6 $44)
25... Qxf2+ 26. Kd1 Qxg2 27. Re1 Qxh2 (27... Qb2 28. Re2 $11) 28. Re2 Qc7 29.
Rc2 $1 (29. Qxc7 Rxc7 $15) 29... Qxc4 1/2-1/2

[Event "ISR-chT"]
[Site "Israel"]
[Date "1999.03.05"]
[Round "6"]
[White "Lahav, Ehud"]
[Black "Tsesarsky, Ilya"]
[Result "1/2-1/2"]
[WhiteElo "2355"]
[BlackElo "2430"]
[Annotator "Tsesarsky,I"]
[PlyCount "85"]
[EventDate "1999.01.??"]
[EventType "team"]
[EventRounds "11"]
[EventCountry "ISR"]
[SourceTitle "CBM 069"]
[Source "ChessBase"]
[SourceDate "1999.04.01"]
[SourceVersion "1"]
[SourceVersionDate "1999.04.01"]
[SourceQuality "1"]

{[%mdl 8232]} 1. d4 Nf6 2. Nf3 e6 3. c4 b6 4. a3 Ba6 5. e3 c5 6. Nc3 cxd4 (6...
Be7 7. Bd3 (7. Be2 O-O 8. d5 exd5 9. cxd5 d6 10. O-O Bxe2 11. Qxe2 Nbd7 12. e4
a6 13. a4 Ne8 $132 {1/2-1/2 Savon,V-Nikolenko,O/Vladivostok 1995 (23)}) 7...
cxd4 8. exd4 d5 9. cxd5 Bxd3 10. Qxd3 Nxd5 11. Qb5+ Qd7 12. Nxd5 exd5 13. Qxd7+
Nxd7 14. Bf4 Rc8 $11 {1/2-1/2 Hebden,M-Ward,C/BCF-ch Nottingham 1996 (48)}) (
6... Nc6 7. Qa4 (7. d5 Na5 8. Qa4 exd5 9. cxd5 Bxf1 10. Rxf1 a6 11. e4 b5 12.
Qc2 d6 (12... c4 13. e5 Qe7 14. Qe2 Nb3 15. Rb1 $16) 13. Bf4 Be7 $132) 7... Qc8
8. d5 Ne7 9. e4 Ng6 10. Bd3 Bd6 $132 {1-0 Browne,W-Filguth,R/Brasilia 1981 (48)
}) 7. exd4 (7. Nxd4 Bb7 8. Ndb5 d6 9. Be2 a6 10. Bf3 Qc8 11. Nxd6+ Bxd6 12.
Qxd6 Bxf3 13. gxf3 Qxc4 14. Rg1 g6 15. Qxb6 Nbd7 (15... O-O 16. Bd2 Nbd7 17.
Qd4 Qxd4 18. exd4 Rfc8 $14) 16. Qd4 (16. Qd6 Nc5 17. Qc6+ Ke7 18. Qc7+ Kf8 $15)
16... Qxd4 17. exd4 $14) 7... Qc7 $6 $14 (7... d6 $142 8. Bd3 Nbd7 (8... Be7 9.
O-O O-O 10. Qe2 Nbd7 11. Re1 Re8 12. Bf4 Nf8 13. b4 Ng6 14. Bd2 Nh5 15. g3 Nf6
16. Rac1 Qd7 17. a4 $14 {0-1 Surma,D-Cvek,R/EU-chJM U18 Rimavska Sobota 1996/
EXT 96ch2 (65)}) 9. O-O Rc8 10. Qe2 Be7 11. b3 O-O 12. Bb2 Re8 13. Rfd1 Bf8 14.
Rac1 Bb7 15. Bb1 a6 16. Nd2 Qc7 (16... d5 $11) 17. Nce4 Qd8 18. Ng3 g6 19. Ndf1
Bg7 $11 {1/2-1/2 Portisch,L-Cherniaev,A/Open, Biel SUI 1998 (25)}) 8. Nb5 $1
$146 (8. Bg5 $5 Be7 (8... Bxc4 9. Bxc4 Qxc4 10. Ne5 Qc8 (10... Qc7 11. Qf3 d5
12. Bxf6 gxf6 13. Qxf6 Rg8 14. Nb5 $18) 11. Qf3 Nc6 12. Bxf6 gxf6 13. Qxf6 Nxe5
14. dxe5 (14. Qxh8 Nd3+ 15. Kf1 Nxb2 16. Ne4 Qc4+ 17. Kg1 O-O-O 18. Qxf8 $1
Rxf8 19. Nd6+ Kc7 20. Nxc4 Nxc4 $44) 14... Rg8 15. O-O Qc6 (15... Qb7 16. g3
Bg7) 16. g3 d6 (16... Bg7 17. Qf4 Qc5 18. Rfe1 Rd8 19. Rad1 $14 (19. Ne4 Bxe5
$1 20. b4 Bxf4 21. bxc5 Ke7 $17)) 17. exd6 Bxd6 18. Rad1 Rd8 19. Qh4 $14) 9.
Rc1 O-O 10. Bd3 d6 11. O-O Nbd7 12. Re1 Rfe8 (12... Bb7 13. Nd5 $1 (13. b4)
13... Nxd5 14. cxd5 Qd8 15. Bxe7 Qxe7 16. Bc4 e5 17. dxe5 Nxe5 18. Nxe5 dxe5
19. Qh5 Rae8 20. Bb5 g6 21. Qf3 Rd8 22. Bc6 $16) 13. d5 e5 14. Nd2 Qd8 $132 {
1-0 Kharitonov,A-Tsesarsky,I/Kursk 1987/EXT 87 (29)}) 8... Bxb5 9. cxb5 d5 (
9... Be7 10. Bg5 O-O 11. Rc1 Qb7 12. Bd3 a6 13. O-O axb5 14. Bxb5 h6 15. Be3 d5
16. Ne5 $14) 10. Bd3 $6 (10. Bg5 $1 Ne4 (10... Nbd7 11. Rc1 Qd8 12. Ne5 Bd6 13.
Nc6 Qc7 14. Bd3 h6 15. Be3 Qb7 16. O-O O-O 17. Rc2 $14 {[%csl Yc6]}) 11. Rc1
Qb7 12. Bf4 Bd6 13. Bxd6 Nxd6 14. Ne5 O-O 15. Bd3 Rc8 16. O-O Nd7 17. Nc6 Nf6
18. Qe2 $14 {[%csl Yc6]}) 10... Nbd7 11. O-O Bd6 $11 12. Re1 (12. Bg5 Bf4 13.
Bxf4 Qxf4 14. Qc1 Qb8 (14... Qxc1 15. Rfxc1 Ke7 16. Rc6 Rhc8 17. Rac1 Rxc6 18.
bxc6 Rc8 19. b4 Kd6 20. b5 Rc7 21. Kf1 $16) 15. Qc6 O-O 16. Rfc1 Rc8 17. Qxc8+
Qxc8 18. Rxc8+ Rxc8 19. a4 Kf8 20. Kf1 Ke7 21. Ke2 Ne4 $132) 12... O-O 13. Qe2
Rac8 14. Bd2 Bf4 (14... Qb7 15. Ne5 Bxe5 16. dxe5 Ne4 17. Bxe4 dxe4 18. Qxe4
Qxe4 19. Rxe4 Nc5 20. Re3 Rfd8 21. Bb4 Nd3 22. Bc3 Nf4 23. Re4 Nd5 24. Bd4 (24.
Rd4 Nxc3 25. bxc3 Rd5 26. Rxd5 exd5 27. Rc1 Rc5 28. Rd1 Kf8 (28... Rxb5 29. c4
Rb3 30. cxd5 Kf8 31. d6 Ke8 32. Rc1 Rxa3 33. f4 $16) 29. a4 Rxc3 30. f4 Rc4 $15
) 24... Rc2 25. f4 Rdc8 $44) 15. Bc3 g6 (15... Ng4 16. g3 Bh6 17. Nd2 Ngf6 18.
a4 $132) 16. g3 Bh6 17. a4 Rfd8 (17... Rfe8 18. a5 Bg7 19. axb6 Nxb6 20. Ne5
Ra8 21. Bb4 Rec8 22. Nc6 $14) 18. Nd2 (18. Ne5 Nxe5 19. dxe5 Nd7 $15) 18... Ne8
(18... Qd6 19. a5 Rc7 20. axb6 Nxb6 21. Nb3 Nfd7 22. Na5 Nb8 $132) 19. f4 Ndf6
20. a5 Nd6 21. axb6 axb6 (21... Qxb6 22. Ra6 Qb8 23. Nb3 Nfe4 24. Ba5 Rd7 25.
Rc6 $132) 22. Ra6 Bg7 23. Rea1 Rb8 24. R1a4 h5 (24... Rdc8 25. Nf3 Nfe4 26. Be1
Qd8 (26... Nf5 27. Ne5 $132) 27. Ne5 Rb7 (27... g5 28. Nc6 $18) 28. Bb4 Rbc7 (
28... g5 29. Nc6 Qf6 30. Ra8 $18) 29. Nc6 Rxc6 30. bxc6 Bxd4+ 31. Kg2 Nc5 32.
Bxc5 bxc5 33. Rxd4 cxd4 34. b4 Nc4 35. Bxc4 dxc4 36. Qxc4 d3 37. Ra1 Qb6 38. b5
Qe3 $11) 25. Nf3 Nfe4 26. Be1 f6 $6 $14 (26... Nf5 27. Ne5 Bxe5 28. fxe5 Rdc8
29. Ra7 Qc1 $132 (29... Rb7 $132)) 27. Bb4 f5 (27... Qc1+ 28. Kg2 (28. Qe1
Qxe1+ (28... Qxb2 29. Ra2 $18) 29. Bxe1 Rdc8 $132) 28... Nc4 29. Ne1 Ne3+ 30.
Kf3 Nf5 31. Ba3 e5 $132) (27... Re8) 28. Ne5 Bxe5 29. fxe5 $6 $132 (29. dxe5 $1
Nb7 (29... Nc4 30. b3 $18) 30. Ra7 Qc8 $14) 29... Nf7 (29... Qc1+ 30. Be1 Nc4
31. Bxc4 dxc4 32. Rxc4 Qg5 33. Ra7 Rbc8 34. Rc6 Rxc6 35. bxc6 Qc1 $132) 30. Ra7
Rb7 31. Ra8 Rxa8 (31... Rc8 32. Kg2 (32. b3 Kg7 33. R8a6 $132) 32... Kg7 33.
R8a6 $132 (33. Rxc8 Qxc8 34. Ra6 Qc1 35. Ra8 f4 36. Bf8+ Kh7 37. Ba3 (37. Bxe4
dxe4 38. gxf4 Rc7 $19) 37... Nfg5 38. gxf4 Rf7 (38... Qxf4 39. Rf8 Rf7 40.
Rxf7+ Nxf7 $15))) 32. Rxa8+ Rb8 $4 $18 (32... Kg7 33. Re8 Qd7 34. Re7 Qc8 35.
Rxb7 Qxb7 36. Qc2 Qa8 (36... Nfg5 37. Kg2 $16) 37. Ba3 Qd8 $1 {[%cal Gd8g5]}
38. Kg2 h4 $132) 33. Qc2 $1 {This strong and simply move was missed in time
pressure} Qb7 34. Rxb8+ Qxb8 35. Qc6 (35. Bxe4 dxe4 36. Qc6 Qd8 37. Kg2 Kg7 38.
Qxe6 Qxd4 (38... Ng5 39. Qd6 Qxd6 40. Bxd6 Nf3 41. d5 Kf7 42. e6+ Ke8 43. Bc7
$18) 39. Qf6+ Kg8 40. Qxg6+ $18) 35... Neg5 36. Kg2 Qa7 (36... Kh7 37. h4 Nd8
38. Qd7+ Ngf7 39. Bd6 Qa8 40. Bc7 Kg7 41. Bxb6 $18) 37. Qe8+ (37. h4 $18 Qa1
38. Qe8+ Kh7 39. hxg5 Qxb2+ 40. Kf1 Nxg5 41. Qd7+ Kg8 42. Qc8+ (42. Qd8+ Kh7
43. Qxg5 Qxb4 44. Qe3 $18) 42... Kh7 43. Qc3 $18) 37... Kh7 38. h4 Qa1 39. Bc3
$4 $138 (39. hxg5 Qxb2+ 40. Kf1 Nxg5 41. Qd7+ Kg8 42. Qd8+ Kh7 43. Qxg5 (43.
Qc7+ Kg8 44. Qc3 $18) 43... Qxb4 44. Qe3 $18) 39... Qd1 $1 $11 40. hxg5 Nxg5
41. Qe7+ Kh6 42. Qf8+ (42. Bf1 Qf3+ 43. Kg1 Qxg3+ 44. Kh1 Nf3 $19) 42... Kh7
43. Qe7+ 1/2-1/2